000 01476cam a22004454i 4500
003 PE-LiUPU
005 20250731173441.0
008 150616s1983 sp r 000 0 spa d
035 _a(Sirsi) a5732
040 _aPE-LiUPU
_bspa
_cPE-LiUPU
_erda
049 _aPRUA
082 0 4 _a221.08
_bH39
_221
100 1 _aHenry, Matthew,
_eautor.
245 1 0 _aComentario Exegético-Devocional a toda la Biblia /
_cMatthew Henry.
264 1 _aEspaña :
_bClie,
_c1983.
300 _a928 páginas ;
_c22 centímetros
336 _atext
_2rdacontent
337 _aunmediated
_2rdamedia
338 _avolume
_2rdacarrier
505 0 _aComentario exegético del pentateuco.
526 _aSEG42
526 _aSEG41
526 _aSEG40
526 _aSEG39
526 _aP94
526 _aP87
526 _aP86
526 _aP85
526 _aP77
526 _aP76
526 _aP35
630 _aBiblia.
_pA.T.
_pPentateuco
_xComentarios.
910 _ajck
_bjvq
_cjck
942 _2ddc
_cBOOK
949 _a221.08 H39
_wDEWEY
_c1
_i39321
_lCCODEBUL1
_mBUL
_p00.00
_r0
_sY
_tBOOK
_u19951004
_xTEOLOGIA
_zUNKNOWN
_0COMPRA
_o.STAFF. Colección General
994 _aC0
_bPEPRU
596 _a1
999 _a221.08 H39
_wDEWEY
_c56793
_i39321
_d56793
_e2016-5-29
_f2021-11-11
_g5
_lCCODEBUL1
_mBUL
_n1
_p22.00
_q12
_r0
_sY
_tBOOK
_u2015-6-16
_xTEOLOGIA
_zUNKNOWN
_0COMPRA
_o.STAFF. Colección Teología
980 _81
_gALBERTO SANCHEZ Responsable de Automatización